European Capitals by Bodies of Water - Statistics

General Stats
  • This quiz has been taken 92 times
  • The average score is 16 of 42
Answers on the Map
Answers color-coded by a green-red scale on the quiz's map according to % correct below.
 
Answer Stats
Country Body of Water City % Correct
United Kingdom River Thames London
87%
Serbia River Danube Belgrade
86%
Slovakia River Danube Bratislava
86%
Hungary River Danube Budapest
86%
Austria River Danube Vienna
86%
France River Seine Paris
79%
Monaco Mediterranean Sea Monaco
73%
Liechtenstein River Rhine Vaduz
73%
Malta Grand Harbour/Mediterranean Sea Valletta
73%
Ireland River Liffey Dublin
66%
Iceland Faxaflói Bay/Atlantic Ocean Reykjavík
66%
Greece Saronic Gulf Athens
64%
Poland River Spree Warsaw
62%
Ukraine River Dnieper Kiev
51%
Portugal River Tagus Lisbon
48%
Italy River Tiber Rome
44%
Finland Gulf of Finland Helsinki
42%
Estonia Gulf of Finland Tallinn
42%
Latvia River Daugava/Gulf of Riga Riga
38%
Netherlands River Amstel/IJ Amsterdam
36%
Slovenia River Ljubljanica/River Sava Ljubljana
36%
Croatia River Sava Zagreb
35%
Germany River Spree/River Havel Berlin
31%
Russia River Moskva Moscow
27%
Czech Republic River Vltava Prague
23%
Denmark Copenhagen Harbour/Strait of Øresund Copenhagen
17%
Spain River Manzanares Madrid
12%
Norway Oslofjord Oslo
12%
North Macedonia River Vardar Skopje
12%
Switzerland River Aare Bern
10%
Belgium River Senne/Brussels-Charleroi Canal Brussels
10%
Romania River Dâmbovița Bucharest
8%
Andorra Gran Valira Andorra la Vella
6%
Moldova River Bîc Chișinău
6%
Luxembourg River Alzette Luxembourg
6%
Bosnia and Herzegovina River Miljacka Sarajevo
6%
Belarus River Svislach Minsk
5%
Bulgaria River Perlovska/River Iskar Sofia
5%
Sweden Riddarfjärden/Lake Mälaren Stockholm
5%
Lithuania River Neris Vilnius
5%
Montenegro River Morača Podgorica
4%
Albania River Lana Tirana
4%
No matching quizzes found
Score Distribution
Percent of People with Each Score
Percentile by Number Answered
Your Score History
You have not taken this quiz